La Teoria general de l'ocupació, l'interès i el diner / John Maynard Keynes ; traducció de Josep M. Masferrer ; edició a cura de Lluís Argemí i Àngels Martínez ; cronologia i bibliografia de Francesc Roca ; pròleg de Luis Ángel Rojo
Descripción Física:
358 p. ; 20 cm
Colección:
Clàssics del pensament modern ; 35
Otros Autores:
Masferrer, Josep M., tr
,
Argemí, Lluís
,
Martínez, Àngels, ed. I
,
Roca, Francesc
,
Rojo, Luis Ángel, pr
Materias:
Economia
MARC
| LEADER | 00000nam a2200000Ia 4500 | ||
|---|---|---|---|
| 001 | 4967 | ||
| 008 | 160829s1987 xx 000 0 cat d | ||
| 080 | |a M-2-149 | ||
| 100 | |a Keynes, John Maynard |9 26427 | ||
| 245 | |a La Teoria general de l'ocupació, l'interès i el diner / John Maynard Keynes ; traducció de Josep M. Masferrer ; edició a cura de Lluís Argemí i Àngels Martínez ; cronologia i bibliografia de Francesc Roca ; pròleg de Luis Ángel Rojo | ||
| 260 | |a Barcelona : |b Edicions 62 : |b Diputació de Barcelona, |c 1987 | ||
| 300 | |a 358 p. ; |c 20 cm | ||
| 490 | |a Clàssics del pensament modern ; 35 | ||
| 650 | |a Economia |9 31980 | ||
| 700 | |a Masferrer, Josep M., tr. |9 26428 | ||
| 700 | 1 | |a Argemí, Lluís |9 26429 | |
| 700 | |a Martínez, Àngels, ed. I |9 26430 | ||
| 700 | |a Roca, Francesc |9 26431 | ||
| 700 | |a Rojo, Luis Ángel, pr. |9 26432 | ||
| 901 | |a Arxiu | ||
| 942 | |n 1 | ||
| 952 | |0 0 |1 0 |4 0 |6 M2149 |7 1 |9 43983 |a Arxiu |b Arxiu |d 2016-12-01 |l 0 |o M-2-149 |p 4967 |r 2016-12-01 00:00:00 |w 2016-12-01 |y ARXIU | ||
| 999 | |c 46563 |d 46563 | ||